Loading...
YEAR BOOK OF THE ASIATIC SOCIETY OF BENGAL
| Format: | Printed Book |
|---|---|
| Published: |
BENGAL
ROYAL ASIATIC
1939
|
| Subjects: |
| LEADER | 00441nam a2200169 4500 | ||
|---|---|---|---|
| 020 | |||
| 082 | |||
| 100 | |||
| 245 | |a YEAR BOOK OF THE ASIATIC SOCIETY OF BENGAL |h English | ||
| 250 | |||
| 260 | |a BENGAL |b ROYAL ASIATIC |c 1939 | ||
| 300 | |a 196 p |f HB | ||
| 650 | |a YEAR BOOK OF THE ASIATIC SOCIETY OF BENGAL | ||
| 700 | |||
| 942 | |c REF | ||
| 999 | |c 151523 |d 151523 | ||
| 952 | |0 0 |1 0 |3 V3 |4 0 |7 0 |9 164982 |a ORI |b ORI |l 0 |p ORIR252/E |r 2019-10-25 |w 2019-10-25 |y REF | ||